000 00840nam a2200181Ia 4500
003 IN-BaIIA
008 211028s9999 xx 000 0 eng d
040 _cIIA Library
080 _a523.982(082.2)
_bLIT
111 _aNational Solar Observatory Conference on Chromospheric Diagnostics and Modelling
_cNew Mexico, USA
_d1984 Aug. 13-16
_915433
245 0 _aChromospheric diagnostics and modelling
_bproceedings of the National Solar Observatory conference on chromospheric diagnostics and modelling, held in New Mexico, USA, 13-16 Aug, 1984.
_cedited by Bruce W. Lites
260 _aNew Mexico
_bSacromento Peak National Observatory
_c1985
300 _axii, 314p.
650 _aSolar chromosphere
_93973
650 _aStellar chromospheres
_97774
700 _aLites, Bruce W. ed.
_915434
942 _cBK
999 _c9194
_d9194